000 004760000a22001930004500
001 001399
003 MACL
005 20150802125305.0
008 150802b xxu||||| |||| 00| 0 eng d
040 _aMACL
_cMACL
041 _aEnglish
082 _a364.162/SHU
100 _aJaggia, Anil
_94317
245 _aIC 814 Hijacked
_bThe Inside Story
_cAnil Jaggia
260 _aNew Delhi
_c2000
_bRoli Books,
350 _a295
650 _aCriminology
_94318
942 _k364
_cBK
_2ddc
999 _c1394
_d1394